Tamil Nāṭṭu viññānikaḷ. (Record no. 61008)

MARC details
000 -LEADER
fixed length control field 00582cam a22002291 4500
001 - CONTROL NUMBER
control field sa 64008743
003 - CONTROL NUMBER IDENTIFIER
control field DLC
005 - DATE AND TIME OF LATEST TRANSACTION
control field 20260227112056.0
008 - FIXED-LENGTH DATA ELEMENTS--GENERAL INFORMATION
fixed length control field 890526s1963 xx 000 0 tamo
010 ## - LIBRARY OF CONGRESS CONTROL NUMBER
LC control number sa 64008743
035 ## - SYSTEM CONTROL NUMBER
System control number (OCoLC)23565779
040 ## - CATALOGING SOURCE
Original cataloging agency DLC
Transcribing agency MiU
Modifying agency DLC
042 ## - AUTHENTICATION CODE
Authentication code premarc
043 ## - GEOGRAPHIC AREA CODE
Geographic area code a-ii---
050 00 - LIBRARY OF CONGRESS CALL NUMBER
Classification number Q141
Item number .U3
100 1# - MAIN ENTRY--PERSONAL NAME
Personal name Udayamurthy, M. S.,
Dates associated with a name 1928-
245 10 - TITLE STATEMENT
Title Tamil Nāṭṭu viññānikaḷ.
260 ## - PUBLICATION, DISTRIBUTION, ETC.
Date of publication, distribution, etc. [1963]
300 ## - PHYSICAL DESCRIPTION
Extent 86 p.
Other physical details ports.
Dimensions 18 cm.
500 ## - GENERAL NOTE
General note Romanized.
650 #0 - SUBJECT ADDED ENTRY--TOPICAL TERM
Topical term or geographic name entry element Scientists
Geographic subdivision India
-- Tamil Nadu
Form subdivision Biography.

No items available.

Powered by Koha